00555nam a2200169 a 450000100060000000300090000600800410001504000280005608200160008411000410010024500880014126000620022930000160029165000130030765000160032065000490033612764CO-ViMGA141112s2004 ck r 000 u spa d aCO-ViMGAbspacCO-ViMGA04a631.44 I57e aInstituto Geografico Agustin Codazzi10aEstudio General de suelos de los Municipios de Hato Corozal - Paz de Ariporo y Pore aBogotá : bInstituto Geografico Agustin Codazzi, c1976 a329p. : il.14aANALISIS14aDESCRIPCION14aSUELOS - CASANARE - COLOMBIA - CLASIFICACION